000 01324cam a2200385 a 4500
001 1938
003 FISKH
005 20231019112819.0
008 021029s2003 nyu c 000 1 eng
010 _a 2002152662
020 _a9780064409605
020 _a9780064409605
040 _aDLC
_cDLC
_dDLC
_beng
042 _alcac
050 0 0 _aPZ7.C8615
_bGr 2003
082 0 0 _a303
_221
100 1 _aCreech, Sharon.
245 1 0 _aGranny Torrelli makes soup /
_cSharon Creech.
250 _a1st edition
260 _aNew York :
_bJoanna Cotler Books,
_cc2003.
300 _a134 , 12 pages ;
_c20 cm.
505 _aT
520 _aWith the help of her wise old grandmother, twelve-year-old Rosie manages to work out some problems in her relationship with her best friend, Bailey, the boy next door.
521 8 _a810
_bLexile
521 8 _aT
_bRaz-Plus
650 1 _aGrandmothers
_vFiction.
650 1 _aItalian Americans
_vFiction.
650 1 _aBest friends
_vFiction.
650 1 _aBlind
_vFiction.
650 1 _aPeople with disabilities
_vFiction.
650 1 _aCooking
_vFiction.
906 _a7
_bcbc
_corignew
_d1
_eecip
_f20
_gy-gencatlg
942 _2ddc
_cBK
_n0
999 _c1938
_d1938